000 00530nam a2200157Ia 4500
008 240729s9999 xx 000 0 und d
022 _a2473-4055
245 0 _aMarkets, Globalization & Development Review: The Official Journal of the International Society of Markets and Development
260 _aUnited States
260 _bEditorial Board of MGDR
650 _a Social sciences (General)
650 _aSocial Sciences
856 _uhttps://doaj.org/toc/ec506edec4eb4a82b0b4467cca25f3c2
942 _2ddc
942 _cDOAJEJ
999 _c65602
_d65602
945 _a1
_bMadushi Gamage
_c1
_dMadushi Gamage